Doba vlády Karla IV. a jeho rodiny v archivních dokumentech : 20. dubna - 21. května 2006, Národní archiv - Archivní areál Chodovec /

Other Authors: Pazderová, Alena, 1952-
Language: Czech
English
Published: Praha : V Brně : Jihlava : Národní archiv ;Moravský zemský archiv ;Státní okresní archiv, 2006
Subjects:
Online Access: Digitalizovaný dokument
Physical Description: 97 s. : il. (převážně barev.), plány, faksim. ; 30 cm
Language note: Část. souběžný anglický text
Book
Saved in:
LEADER 02347nam a2200541 a 4500
001 nkc20061649858
003 CZ PrNK
005 20060710101842.0
007 ta
008 060404s2006 xr aeh e c 000 0 cze
015 |a cnb001649858 
020 |a 80-86712-36-2  |q (Národní archiv ;  |q brož.) 
035 |a (OCoLC)71248660 
040 |a BOA001  |b cze  |d ABA001 
041 1 |a cze  |a eng  |h cze 
043 |a e-xr---  |a e-gx--- 
045 |a r-r- 
072 7 |a 94(437)  |x Dějiny Česka a Slovenska  |2 Konspekt  |9 8 
080 |a 929.731  |2 MRF 
080 |a 930.253  |2 MRF 
080 |a 94(437.3)  |2 MRF 
080 |a (430)  |2 MRF 
080 |a (083.824)  |2 MRF 
245 0 0 |a Doba vlády Karla IV. a jeho rodiny v archivních dokumentech :  |b 20. dubna - 21. května 2006, Národní archiv - Archivní areál Chodovec /  |c [editor katalogu Alena Pazderová] 
260 |a Praha :  |b Národní archiv ;  |a V Brně :  |b Moravský zemský archiv ;  |a Jihlava :  |b Státní okresní archiv,  |c 2006 
300 |a 97 s. :  |b il. (převážně barev.), plány, faksim. ;  |c 30 cm 
546 |a Část. souběžný anglický text 
600 0 7 |a Karel  |b IV.,  |c český král a římský císař,  |d 1316-1378  |7 jk01053000  |2 czenas 
600 3 7 |a Lucemburkové (rod)  |7 jx20060403056  |2 czenas 
600 0 9 |a Charles  |b IV.,  |c Holy Roman Emperor,  |d 1316-1378  |2 eczenas 
648 7 |a 14. století  |7 ch460552  |2 czenas 
650 0 7 |a panovníci  |7 ph117250  |z Česko  |y 14. století  |2 czenas 
650 0 7 |a panovníci  |7 ph117250  |z Svatá říše římská  |y 14. století  |2 czenas 
650 0 7 |a archiválie  |7 ph207654  |z Česko  |2 czenas 
650 0 9 |a kings and rulers  |z Czechia  |z Bohemia  |y 14th century  |2 eczenas 
650 0 9 |a kings and rulers  |z Holy Roman Empire  |y 14th century  |2 eczenas 
650 0 9 |a records  |z Czechia  |2 eczenas 
651 7 |a Česko  |7 ge128065  |x dějiny  |2 czenas 
651 9 |a Bohemia (Czechia)  |x history  |2 eczenas 
655 7 |a katalogy výstav  |7 fd132536  |2 czenas 
655 9 |a exhibition catalogs  |2 eczenas 
700 1 |a Pazderová, Alena,  |d 1952-  |7 jn19981001957  |4 edt 
856 4 1 |u https://www.digitalniknihovna.cz/mzk/uuid/uuid:e0c11d40-5b6e-11e4-bc71-005056827e52  |y Digitalizovaný dokument  |x NDK 
910 2 |a BOA001  |b 4-1167.118 
990 |a BK 
995 |a 01 
991 |b 200605  |c NOV 
996 6 |b 2610277321  |c 4-1167.118  |l MZK  |r Sklad / do 1 hodiny  |n 4  |p p.v.  |w 000813294  |u 000010  |a 1  |e BOA001  |j MZK50  |s P